Normal view MARC view
  • INFORMATION LEGAL PRACTICE DATA PROTECTION PRINCIPLES INFORMATION TECHNOLOGY-COPYRIGHT COPYRIGHT PROTECTION E-COMMERCE LAWS CYBER CRIME AND LAW

Entry Topical Term

Number of records used in: 1

001 - CONTROL NUMBER

  • control field: 80255

003 - CONTROL NUMBER IDENTIFIER

  • control field: NUST

005 - DATE AND TIME OF LATEST TRANSACTION

  • control field: 20210628210627.0

008 - FIXED-LENGTH DATA ELEMENTS

  • fixed length control field: 210628|| aca||aabn | a|a d

040 ## - CATALOGING SOURCE

  • Original cataloging agency: NUST
  • Transcribing agency: NUST

150 ## - HEADING--TOPICAL TERM

  • Topical term or geographic name entry element: INFORMATION LEGAL PRACTICE DATA PROTECTION PRINCIPLES INFORMATION TECHNOLOGY-COPYRIGHT COPYRIGHT PROTECTION E-COMMERCE LAWS CYBER CRIME AND LAW

670 ## - SOURCE DATA FOUND

  • Source citation: Work cat.: (NUST): Kaushik, Sanjay Kapoor, Shammi Diwan, Parag 80254, It encyclopaedia.com,vol-9 information technology laws
© 2023 Central Library, National University of Sciences and Technology. All Rights Reserved.